| 000 | 02173cam a2200373 i 4500 | ||
|---|---|---|---|
| 003 | SA-RiAUC | ||
| 005 | 20250123090908.0 | ||
| 008 | 241224s1893 ua g 000 0 ara c | ||
| 040 |
_aSA-JeALM _bara _cSA-RiAUC _erda |
||
| 050 | 4 | _bI3348 1893 | |
| 082 | 0 | 4 | _a212 |
| 090 |
_a212 _bم ر ت |
||
| 100 | 1 |
_aمرتضى الزبيدي، محمد بن محمد بن محمد، _d1145-1205 هجري _eمؤلف. |
|
| 245 | 1 | 0 |
_aاتحاف السادة المتقين بشرح إحياء علوم الدين / _cتصنيف السيد محمد بن محمد الحسيني الزبيدي الشهير بمرتضى. وبهامشه تعريف الأحياء بفضائل الإحياء / عبد القادر بن شيخ بن عبد الله العيدروس. كتاب الإملاء عن إشكالات الإحياء / تصنيف الإمام الغزالي. |
| 246 | _aتعريف الأحياء بفضائل الإحياء | ||
| 264 | 1 |
_aالقاهرة : _bدار الفكر، _c[بين 1900 و 1999] |
|
| 264 | 3 |
_a[1310] _b[الطابع غير محدد] |
|
| 300 |
_a10 مجلد ؛ _c24 سم |
||
| 336 |
_aنص _btxt _2rdacontent _3كتاب |
||
| 337 |
_aبدون وسيط _bn _2rdamedia |
||
| 338 |
_aمجلد _bnc _2rdacarrier |
||
| 500 | _aملاحظات من الشيخ الدكتور عبدالوهاب سليمان رحمه الله بداخل الكتاب | ||
| 650 | 7 |
_aالأخلاق الإسلامية _2aucsh |
|
| 650 | 7 |
_aالوعظ والإرشاد _2aucsh |
|
| 650 | 7 |
_aالتصوف الإسلامي _2aucsh |
|
| 700 | 1 | 2 |
_aالغزالي، محمد بن محمد بن محمد، _cحجة الإسلام، _d450-505 هجري |
| 700 | 1 | 2 |
_aالغزالي، محمد بن محمد بن محمد، _cحجة الإسلام، _d450-505 هجري. _tالإملاء على مشكل الإحياء. |
| 700 | 1 | 2 |
_aالعيدروس، عبد القادر بن شيخ بن عبد الله، _d978-1038 هجري |
| 740 | 0 | 2 | _aإحياء علوم الدين. |
| 740 | 0 | 2 | _aتعريف الأحياء بفضائل الإحياء. |
| 740 | 2 | 2 | _aالإملاء عن إشكالات الإحياء. |
| 942 |
_2ddc _cBOOK _n0 |
||
| 949 |
_aSA-JeALM _d241224 _uosman123 _n1 |
||
| 999 |
_c3915 _d3915 |
||